000 00437nam a2200169 4500
003 SEACOMMC
005 20231010094945.0
008 231010b |||||||| |||| 00| 0 eng d
020 _cRs. 495.00
040 _aSEACOMMC
082 _a621.3692
_bNAL
245 1 _aPhotodetectors and fiber optics
_cEdited by Hari Singh Nalwa
260 _aNew Delhi
_bElsevier
_c2006
650 _aEngineering
650 _aOptical engineering
942 _cBOOK
999 _c90
_d90